College Quizbowl Stats
College Quizbowl Stats
Circuits
Seasons
Sets
Records
Detailed Stats
About
Loading...
2023 Penn Bowl @ UNC
Tossups
Bonuses
Players
Teams
Categories (Tossup)
Categories (Bonus)
Michael Eng
North Carolina B
Categories
Category
Powers
Gets
Negs
BBs
Points
Earliest Buzz
Avg. Buzz
First Buzzes
Top 3 Buzzes
Science - Chemistry
2
4
2
0
60
63
70.00
3
6
History - Other History
0
1
0
0
10
116
116.00
0
1
History - World History
0
1
0
0
10
129
129.00
0
1
Science - Other Science
0
0
1
0
-5
0.00
0
0
Buzzes
Category
Answer
Value
Buzz Position
Science - Chemistry
cyanide
10
63
Science - Chemistry
thiol
15
67
Science - Chemistry
thiol
15
67
Science - Chemistry
p orbitals
-5
68
Science - Chemistry
mass spectrometry
10
69
Science - Chemistry
color
10
76
Science - Chemistry
ultraviolet light
10
78
Science - Other Science
hydrogen
-5
89
History - European History
Time of Troubles
10
89
History - Other History
Sardinia
10
116
Previous
1
2
Next